000 00294nam a2200097 a 4500
008 111128s2009|||| d
245 1 0 _aPowiat Ropczycko-Sedziszowski
260 _bRopczyce
_aSerigraph
_c2009
020 _c100
044 _axo
_cSK
999 _c18337
_d18337